US Senators Hard - Statistics

General Stats
  • This quiz has been taken 10 times
  • The average score is 17 of 23
Answer Stats
Hint Answer % Correct
South Carolina (R) Lindsey Graham
100%
South Carolina (R) Tim Scott
100%
Maryland R Chris Van Hollen
88%
Mississipi R Cindy Hyde Smith
88%
Missouri R Josh Hawley
88%
Rhode Island Sheldon Whitehouse
88%
Minnesota D Tina Smith
88%
Minnesota D Amy Klobuchar
75%
Nevada (D) Catherine Cortez Masto
75%
Rhode Island (D) Jack Reed
75%
Nevada (D) Jacky Rosen
75%
Washington (D) Maria Cantwell
75%
Indiana (R) Mike Braun
75%
Maryland R Ben Cardin
63%
Pennsylvania (D) Bob Casey
63%
Michigan D Debbie Stabenow
63%
Missouri R Eric Schmitt
63%
MiIchigan D Gary Peters
63%
Oregon (D) Jeff Merkle
63%
Washington (D) Patty Murray
63%
Mississippi R Roger Wicker
63%
Oregon (D) Ron Wyden
63%
Indiana (R) Todd Young
63%
No matching quizzes found
Score Distribution
Percent of People with Each Score
Percentile by Number Answered
Your Score History
You have not taken this quiz